01081cam a22003614i 4500003000900000005001700009008004100026020001500067035002700082040003300109082001900142100002900161245002200190264005000212300003800262336002100300337002500321338002300346490002800369505018800397526001000585526001000595526001000605526001000615526000800625526000800633526000800641526000800649526000800657526000800665526000800673650003800681PE-LiUPU20250731173535.0150616s r 000 0 d a0801067650 a(Sirsi) i9780801067655 aPE-LiUPUbspacPE-LiUPUerda04a253.7bO332211 aOden, Thomas C.,eautor.10aPastoral Counsel. 1aGrand Rapids, Michigan :bBaker Books,c1987. a297 páginas ;c23 centímetros atext2rdacontent aunmediated2rdamedia avolume2rdacarrier0 aClassical Pastoral Care0 aNecesary and suficient conditions of a helping relationship- The nature of pastoral counsel: its prevailing metaphor.- God's of caring.- Seasonable wisdom: the timing of good counsel. aSEG42 aSEG41 aSEG40 aSEG39 aP94 aP87 aP86 aP85 aP77 aP76 aP3504aCONSEJERIA PASTORAL - NATURALEZA.